000 00487nam a2200181Ia 4500
001 3729
005 20260306145705.0
008 260306t2015||||xx |||||||||||||| ||spa||
041 _aESP
082 _a302.2
_bR91
100 _aRubina, Celia
_eAUT
245 0 _aEl Perú a través de sus discursos:
_boralidad, textos e imágenes desde una perspectiva semiótica
260 _c2015
300 _a298 páginas :
_c20 cm.
650 _aGEN
654 _aCED
942 _cLIB
_dJUS
_fJUS
_2ddc
_n
999 _c3729
_d3729